[Event "NOR-ch Rapid"]
[Site "Bergen"]
[Date "2024.01.13"]
[Round "3"]
[White "Fiskaaen, Martin Holten"]
[Black "Tenfjord Engelsen, Teodor"]
[Result "0-1"]
[WhiteElo "2127"]
[BlackElo "1952"]
[PlyCount "102"]
[EventDate "2024.01.13"]
[EventType "swiss (rapid)"]
[EventRounds "10"]
[EventCountry "NOR"]
[SourceTitle "CB03_2024"]
[SourceDate "2024.01.17"]
[SourceVersion "1"]
[SourceVersionDate "2024.01.17"]
[SourceQuality "1"]

1. d4 d5 2. c4 e6 3. Nf3 c6 4. e3 Nf6 5. Nbd2 Be7 6. b3 0-0 7. Bb2 Nbd7 8. Bd3 b6 9. 0-0 Bb7 10. Qe2 dxc4 11. bxc4 c5 12. Rad1 Qc7 13. Ne5 cxd4 14. exd4 Nxe5 15. dxe5 Nd7 16. f4 g6 17. Kh1 Nc5 18. Bb1 Rfd8 19. Nf3 Rxd1 20. Rxd1 Rd8 21. Nd4 a6 22. Bc2 Nd7 23. Bd3 Nc5 24. Bc2 Nd7 25. h3 Nb8 26. Rf1 Nc6 27. Nf3 Bc5 28. Qe1 Nb4 29. Bb1 Nd3 30. Qh4 Be7 31. Ng5 Bxg5 32. Qxg5 Nxb2 33. f5 exf5 34. Bxf5 Rd1 35. Rxd1 Nxd1 36. e6 Nf2+ 37. Kg1 Ne4 38. Bxe4 Bxe4 39. e7 Bc6 40. h4 Be8 41. Kh1 Qd6 42. Qe3 h5 43. Qe2 Qf6 44. g3 Qc6+ 45. Kh2 a5 46. Qd3 Qd7 47. Qe3 Qe6 48. Qg5 Qe2+ 49. Kg1 Qe1+ 50. Kh2 Qf2+ 51. Kh3 Bd7+ 0-1

[Event "NOR-ch Rapid"]
[Site "Bergen"]
[Date "2024.01.13"]
[Round "4"]
[White "Tenfjord Engelsen, Teodor"]
[Black "Kvaloy, Aksel Bu"]
[Result "1/2-1/2"]
[WhiteElo "1952"]
[BlackElo "2443"]
[PlyCount "166"]
[EventDate "2024.01.13"]
[EventType "swiss (rapid)"]
[EventRounds "10"]
[EventCountry "NOR"]
[SourceTitle "CB03_2024"]
[SourceDate "2024.01.17"]
[SourceVersion "1"]
[SourceVersionDate "2024.01.17"]
[SourceQuality "1"]

1. c4 e5 2. Nc3 Nc6 3. Nf3 Nf6 4. e4 Bc5 5. Nxe5 Nxe5 6. d4 Bb4 7. dxe5 Nxe4 8. Qf3 Nxc3 9. bxc3 Ba5 10. Qg3 d6 11. Be2 Bf5 12. 0-0 0-0 13. exd6 Qxd6 14. Bf4 Qg6 15. Bxc7 Qxg3 16. Bxg3 Bxc3 17. Rac1 Bb2 18. Rcd1 Rac8 19. c5 Ba3 20. Bd6 Rfd8 21. Bf3 Rd7 22. Bf4 h6 23. Rxd7 Bxd7 24. Bxb7 Rxc5 25. Bd6 Ra5 26. Bxa3 Rxa3 27. Bd5 Be6 28. Bxe6 fxe6 29. Ra1 Kf7 30. f3 a5 31. Kf2 Rc3 32. a4 Rc2+ 33. Kg3 Kf6 34. Re1 Rc4 35. Ra1 g5 36. Ra2 Kf5 37. Kf2 e5 38. Ke3 Rc3+ 39. Kd2 Rb3 40. Ke2 h5 41. g3 g4 42. fxg4+ hxg4 43. Kf2 Ke4 44. Kg2 Kd3 45. h3 gxh3+ 46. Kxh3 e4 47. Kg2 Rc3 48. Kf2 Rc8 49. Ra3+ Kd4 50. g4 Rf8+ 51. Ke2 Ke5 52. Ra1 Rh8 53. Rf1 Rh2+ 54. Ke3 Rh3+ 55. Ke2 Rg3 56. Rf5+ Kd4 57. Rxa5 Rg2+ 58. Kf1 Rxg4 59. Ra8 Ke3 60. Rb8 Rf4+ 61. Ke1 Kf3 62. a5 Rh4 63. Re8 Ke3 64. Kf1 Rh1+ 65. Kg2 Ra1 66. Re5 Kd4 67. Rb5 Kd3 68. Rb3+ Kc4 69. Rb8 Kd3 70. Rb3+ Kc4 71. Rb8 Rxa5 72. Kf2 Kd4 73. Rd8+ Ke5 74. Re8+ Kf4 75. Rf8+ Rf5 76. Rxf5+ Kxf5 77. Ke3 Ke5 78. Ke2 Kf4 79. Kf2 e3+ 80. Ke2 Ke4 81. Ke1 Kf3 82. Kf1 e2+ 83. Ke1 Ke3 1/2-1/2

[Event "Skien-ch U20"]
[Site "Skien"]
[Date "2019.11.10"]
[Round "6"]
[White "Brattgjerd, Isak Vinh"]
[Black "Tenfjord Engelsen, Teodor"]
[Result "1-0"]
[WhiteElo "1699"]
[BlackElo "1349"]
[PlyCount "101"]
[EventDate "2019.11.08"]
[EventType "swiss"]
[EventRounds "7"]
[EventCountry "NOR"]
[SourceTitle "CBM 193 Extra"]
[Source "ChessBase"]
[SourceDate "2020.01.31"]
[SourceVersion "1"]
[SourceVersionDate "2020.01.31"]
[SourceQuality "1"]

1. d4 d5 2. Bf4 Nf6 3. e3 c5 4. c3 Nc6 5. Nf3 Bf5 6. Bd3 Bg6 7. Bxg6 hxg6 8. Qb3 Qd7 9. Nbd2 e6 10. Rb1 Nh5 11. Bg3 Nxg3 12. fxg3 cxd4 13. exd4 Bd6 14. 0-0 Qc7 15. Rfe1 0-0-0 16. Nf1 Kb8 17. Qb5 Qa5 18. Qd3 Rc8 19. a3 Qb6 20. Kh1 Qc7 21. N3d2 Ne7 22. Rec1 Nf5 23. Kg1 Qb6 24. b4 Rc7 25. Nb3 Rhc8 26. Nc5 Qc6 27. Rb3 Ka8 28. Rcb1 b6 29. b5 Qe8 30. Na4 Qe7 31. Ra1 Nh6 32. Nb2 Ng8 33. a4 Nf6 34. Nd2 Kb8 35. Nd1 e5 36. a5 exd4 37. cxd4 Rc1 38. Rbb1 Rxb1 39. Rxb1 bxa5 40. Nf2 Bb4 41. Nf3 Ne4 42. Ne5 Ka8 43. Nxe4 dxe4 44. Qxe4+ Qb7 45. Nc6 f5 46. Qd5 Bc3 47. Rb3 Bxd4+ 48. Qxd4 Rxc6 49. bxc6 Qxb3 50. Qd8+ Qb8 51. c7 1-0

[Event "Skien-ch U20"]
[Site "Skien"]
[Date "2019.11.09"]
[Round "4"]
[White "Khoo Thwe, Louis"]
[Black "Tenfjord Engelsen, Teodor"]
[Result "1-0"]
[WhiteElo "1660"]
[BlackElo "1349"]
[PlyCount "47"]
[EventDate "2019.11.08"]
[EventType "swiss"]
[EventRounds "7"]
[EventCountry "NOR"]
[SourceTitle "CBM 193 Extra"]
[Source "ChessBase"]
[SourceDate "2020.01.31"]
[SourceVersion "1"]
[SourceVersionDate "2020.01.31"]
[SourceQuality "1"]

1. e4 e5 2. Nf3 Nc6 3. Bc4 Nf6 4. d3 Bc5 5. 0-0 d6 6. c3 0-0 7. a4 a6 8. Nbd2 Be6 9. Re1 Qe7 10. Nf1 Rad8 11. Bxe6 fxe6 12. d4 exd4 13. cxd4 Ba7 14. Ng3 Nb8 15. Qb3 c5 16. dxc5 Bxc5 17. Bg5 Nc6 18. Nf5 Qd7 19. Rad1 Rde8 20. Nxd6 Bxd6 21. e5 Nd5 22. exd6 Rf7 23. h3 Qxd6 24. Rxd5 1-0

[Event "Bergen Sommer Super-NGP B"]
[Site "Bergen"]
[Date "2019.08.01"]
[Round "9"]
[White "Borlaug, Jonas Kleppe"]
[Black "Tenfjord Engelsen, Teodor"]
[Result "1/2-1/2"]
[WhiteElo "1347"]
[BlackElo "1331"]
[PlyCount "33"]
[EventDate "2019.07.29"]
[EventType "swiss"]
[EventRounds "9"]
[EventCountry "NOR"]
[SourceTitle "EXT 2024"]
[Source "ChessBase"]
[SourceDate "2023.10.10"]
[SourceVersion "1"]
[SourceVersionDate "2023.10.10"]
[SourceQuality "1"]

1. e4 e5 2. Nf3 Nc6 3. Bc4 Nf6 4. Nc3 Nxe4 5. Nxe4 d5 6. Bxd5 Qxd5 7. Nc3 Qd6 8. 0-0 Bg4 9. h3 h5 10. Nb5 Qd8 11. Re1 Bd6 12. d4 Bxf3 13. Qxf3 f6 14. Nxd6+ Qxd6 15. dxe5 fxe5 16. Bg5 Qg6 17. Qb3 1/2-1/2

[Event "Bergen Sommer Super-NGP B"]
[Site "Bergen"]
[Date "2019.08.01"]
[Round "8"]
[White "Tenfjord Engelsen, Teodor"]
[Black "Westvik, Markus"]
[Result "1-0"]
[WhiteElo "1331"]
[BlackElo "1162"]
[PlyCount "53"]
[EventDate "2019.07.29"]
[EventType "swiss"]
[EventRounds "9"]
[EventCountry "NOR"]
[SourceTitle "EXT 2024"]
[Source "ChessBase"]
[SourceDate "2023.10.10"]
[SourceVersion "1"]
[SourceVersionDate "2023.10.10"]
[SourceQuality "1"]

1. d4 Nf6 2. Nc3 d5 3. Bf4 a6 4. e3 Bf5 5. Nf3 e6 6. Bd3 Bxd3 7. cxd3 Bd6 8. Bg3 0-0 9. Qb3 b6 10. e4 Bxg3 11. hxg3 Nc6 12. 0-0-0 dxe4 13. dxe4 Ng4 14. Qc2 f5 15. Rd2 Ne7 16. Ng5 Rf6 17. Qb3 Qd7 18. d5 Rh6 19. Rxh6 gxh6 20. Nxe6 Nf6 21. d6 Ned5 22. Nxd5 Qc6+ 23. Nc3 Kh8 24. Nxc7 Nxe4 25. Nxa8 Nxd2 26. Kxd2 Qxg2 27. Ne2 1-0